000 00777nam a22002177a 4500
005 20251108173430.0
008 250721s2005 xx 000 0 ara d
082 1 4 _a331.12509565/أرد
245 1 0 _aمسح العمالة و البطالة 2005: التقرير السنوي /
246 1 1 _aemployment and unemployment survey 2005 annual reports
264 1 _aعمان :
_bدائرة الإحصاءات العامة،
_c2005.
300 _a189 ص.
500 _aلاحظ أن هذا الكتاب من قسمين عربي و إنجليزي
650 1 7 _aإحصاءات العمل
650 1 7 _aالعمل و العمال
650 1 7 _aالبطالة
650 1 7 _aالتقارير السنوية
650 1 7 _aالأردن
942 _2ddc
_cREF
999 _c103730
_d103730